000
00244nam a2200085Ia 4500
245
0
_a
Children of paradise
100
_a
Mzamane, Mbulelo, Scottsville, South Africa, 2011
_9
47911
942
_c
BK
008
210817s9999 xx 000 0 und d
999
_c
259056
_d
259054